书目信息 |
| 题名: |
一帘幽梦
|
|
| 作者: | 琼瑶 著 | |
| 分册: | ||
| 出版信息: | 广州 花城出版社 1996.02 |
|
| 页数: | 299页 | |
| 开本: | 32开 | |
| 丛书名: | ||
| 单 册: | ||
| 中图分类: | I247.57 | |
| 科图分类: | ||
| 主题词: | 小说--中国 | |
| 电子资源: | ||
| ISBN: | 7-5360-2262-X | |
| 000 | 00522nam0 2200193 45 | |
| 001 | 0011061665 | |
| 005 | 20001106162505.7 | |
| 010 | @a7-5360-2262-X@d13.00元 | |
| 100 | @a20001106d1996 km y0chiy0120 ea | |
| 101 | 0 | @achi |
| 105 | @a z 000yy | |
| 200 | 1 | @a一帘幽梦@AYi Lian You Meng@f琼瑶著@FQiong Yao Zhu |
| 210 | @a广州@c花城出版社@d1996.02 | |
| 215 | @a299页@d32开 | |
| 606 | 0 | @a小说@x中国 |
| 690 | @aI247.57@v3 | |
| 701 | 0 | @a琼瑶@4著 |
| 801 | @aCN@bPftUser@c20001106 | |
| 905 | @b199480-481@dI247.57@eQ.153:20@f2 | |
| 一帘幽梦/琼瑶著.-广州:花城出版社,1996.02 |
| 299页;32开 |
| ISBN 7-5360-2262-X:13.00元 |
| ● |
| 相关链接 |
|
|
|
正题名:一帘幽梦
索取号:I247.57/Q.153:20
 
预约/预借
| 序号 | 登录号 | 条形码 | 馆藏地/架位号 | 状态 | 备注 |
| 1 | 199480 | 201994805 | 社科二线400B/400B社科库 20排1列5层/ [索取号:I247.57/Q.153:20] | 在馆 | |
| 2 | 199481 | 201994814 | 社科二线422/422社科库 2排2列2层/ [索取号:I247.57/Q.153:20] | 在馆 |